00688 2200253 4500001002100000005001700021008004100038035002400079041000800103043001200111082001200123090001700135100002000152245007900172250000600251260003500257300003000292504001900322650002100341850001200362990002000374990002000394990002000414YOGYA-0511000000020020110503110944.0 ind  0010-051100000000200 aInd aYOPDYOG a959. 87 a959.87bAmen aAmal , M. Adnan aPortugis & Spanyol di Maluku / M. Adnan Amal ; editor , Taufiq Adnan Kemal a1 aJakartabKomunitas Bambuc2009 axxi, 382 hlmbIlusc21 cm aHlm. 369 - 372 aMaluku - Sejarah aYOPDYOG a52244-PD/B10b1 a52243-PD/B10b1 a52242-PD/B10b1